| Tag |
First Indicator |
Second Indicator |
Subfields |
| LEADER |
00000cam a2200000 4500 |
| 001 |
in00000061240 |
| 005 |
20190207093442.0 |
| 008 |
770126s1937 txu 00000 eng d |
| 035 |
|
|
|a (OCoLC)02703312
|
| 035 |
|
|
|9 AAG9166AM
|
| 037 |
|
|
|c $5.00.
|
| 040 |
|
|
|a TXN
|c TXN
|d TXA
|d UtOrBLW
|
| 049 |
|
|
|a TXAS
|c [454881]
|
| 090 |
|
|
|a F391
|b .D28 1937
|
| 092 |
|
|
|a 364.155
|b D274s
|
| 100 |
1 |
|
|a Day, Jack Hays,
|d 1856-
|
| 245 |
1 |
4 |
|a The Sutton-Taylor feud /
|c by Jack Hays Day.
|
| 264 |
|
1 |
|a [San Antonio, Tex.] :
|b [S. Murray & son, printers],
|c [1937]
|
| 264 |
|
4 |
|c [©1937]
|
| 300 |
|
|
|a 40 pages :
|b photographs ;
|c 22 cm.
|
| 336 |
|
|
|a text
|b txt
|2 rdacontent
|
| 337 |
|
|
|a unmediated
|b n
|2 rdamedia
|
| 338 |
|
|
|a volume
|b nc
|2 rdacarrier
|
| 500 |
|
|
|a The Cushing Library/Chapman Texas Collection copy is part of the Floyd & Louise Chapman Texas & Borderlands Collection.
|5 TXA
|
| 650 |
|
0 |
|a Crime
|z Texas
|z De Witt County.
|
| 650 |
|
0 |
|a Criminals
|z Texas
|z De Witt County.
|
| 999 |
|
|
|a MARS
|
| 999 |
f |
f |
|s 6b51f863-c3f1-3147-b361-adc03cb66c7a
|i 8f47fbdb-c50a-3edd-8eaa-d8ce3b37df25
|t 0
|
| 952 |
f |
f |
|p noncirc
|a Texas A&M University
|b College Station
|c Cushing Memorial Library & Archives
|d Cushing: Chapman Texas Collection (Does not check out)
|t 0
|e F391 .D28 1937
|h Library of Congress classification
|i unmediated -- volume
|m A14800290327
|
| 952 |
f |
f |
|p normal
|a Texas A&M University
|b College Station
|c Sterling C. Evans Library
|d Evans: Library Stacks
|t 0
|e F391 .D28 1937
|h Library of Congress classification
|i unmediated -- volume
|m A14823542387
|
| 998 |
f |
f |
|a F391 .D28 1937
|t 0
|l Evans: Library Stacks
|
| 998 |
f |
f |
|a F391 .D28 1937
|t 0
|l Cushing: Chapman Texas Collection (Does not check out)
|